Catálogo
 En Linea

Estrategias y experiencias para la construcción de la paz : (Registro nro. 14087)

Detalles MARC
000 -CABECERA
campo de control de longitud fija 01597cam a2200337 a 4500
001 - NÚMERO DE CONTROL
campo de control 000014498
005 - FECHA Y HORA DE LA ÚLTIMA TRANSACCIÓN
campo de control 20200929163848.0
008 - DATOS DE LONGITUD FIJA--INFORMACIÓN GENERAL
campo de control de longitud fija 970911s1996 ck 000 0 spa
010 ## - NÚMERO DE CONTROL DE LA BIBLIOTECA DEL CONGRESO
Número de control de LC 97193766
020 ## - NÚMERO INTERNACIONAL ESTÁNDAR DEL LIBRO
Número Internacional Estándar del Libro 9589329047 (obra completa)
020 ## - NÚMERO INTERNACIONAL ESTÁNDAR DEL LIBRO
Número Internacional Estándar del Libro 958932911X (t. [2])
035 ## - NÚMERO DE CONTROL DEL SISTEMA
Número de control de sistema (OCoLC)37468954
040 ## - FUENTE DE LA CATALOGACIÓN
Centro catalogador/agencia de origen DO-SdBNP
Centro/agencia transcriptor spa
Centro/agencia modificador BNPHU
042 ## - CÓDIGO DE AUTENTICACIÓN
Código de autenticación lccopycat
043 ## - CÓDIGO DE ÁREA GEOGRÁFICA
Código de área geográfica s-ck---
050 00 - SIGNATURA TOPOGRÁFICA DE LA BIBLIOTECA DEL CONGRESO
Número de clasificación F2279
Número de documento/Ítem .E89 1996
049 ## - FONDOS LOCALES (OCLC)
Fondos de biblioteca BNG
245 00 - MENCIÓN DE TÍTULO
Título Estrategias y experiencias para la construcción de la paz :
Resto del título memorias : Primer Encuentro Interuniversitario /
Mención de responsabilidad, etc. organizado por el Programa de la Universidad de los Andes para la Paz, ANPAZ, entre el 24 y el 26 de mayo de 1995, en Santafé de Bogota, Colombia.
260 ## - PUBLICACIÓN, DISTRIBUCIÓN, ETC.
Lugar de publicación, distribución, etc. [Santafé de Bogota] :
Nombre del editor, distribuidor, etc. Universidad de los Andes, Departamento de Historia, ANPAZ,
Fecha de publicación, distribución, etc. 1996.
300 ## - DESCRIPCIÓN FÍSICA
Extensión 302 p. ;
Dimensiones 24 cm.
500 ## - NOTA GENERAL
Nota general Errata deslizamiento inserta en cada volumen.
504 ## - NOTA DE BIBLIOGRAFÍA, ETC.
Nota de bibliografía, etc. Incluye referencias bibliográficas y notas al pie de las páginas
651 #0 - PUNTO DE ACCESO ADICIONAL DE MATERIA--NOMBRE GEOGRÁFICO
Nombre geográfico Colombia
Subdivisión general Politics And Government
Subdivisión cronológica 20th century
Subdivisión general Congresses.
9 (RLIN) 32739
650 #0 - PUNTO DE ACCESO ADICIONAL DE MATERIA--TÉRMINO DE MATERIA
Término de materia o nombre geográfico como elemento de entrada Peace
Subdivisión general Congresses.
9 (RLIN) 32740
650 #0 - PUNTO DE ACCESO ADICIONAL DE MATERIA--TÉRMINO DE MATERIA
Término de materia o nombre geográfico como elemento de entrada Peace
Subdivisión general Citizen participation
-- Congresses.
9 (RLIN) 32741
650 #0 - PUNTO DE ACCESO ADICIONAL DE MATERIA--TÉRMINO DE MATERIA
Término de materia o nombre geográfico como elemento de entrada Church and social problems
Subdivisión geográfica Colombia
Subdivisión general Catholic church.
9 (RLIN) 32742
700 1# - PUNTO DE ACCESO ADICIONAL--NOMBRE DE PERSONA
Nombre de persona Bermúdez Q., Suzy.
Títulos y otros términos asociados al nombre Ed.
9 (RLIN) 32743
710 2# - PUNTO DE ACCESO ADICIONAL--NOMBRE DE ENTIDAD CORPORATIVA
Nombre de entidad corporativa o nombre de jurisdicción como elemento de entrada Universidad de los Andes (Bogotá, Colombia).
Unidad subordinada Programa para la Paz.
9 (RLIN) 32744
711 2# - PUNTO DE ACCESO ADICIONAL--NOMBRE DE REUNIÓN/CONGRESO
Nombre de congreso/reunión o jurisdicción como elemento de entrada Encuentro Interuniversitario: Estrategias y Experiencias para la Construcción de la Paz
Número del congreso/reunión o número de parte o sección (1st :
Fecha del congreso/reunión 1995 :
Sede del congreso/Lugar de la reunión Bogotá, Colombia)
9 (RLIN) 32745
910 ## - DATOS DE OPCIÓN DEL USUARIO (OCLC)
Datos de opción del usuario Catalogación por copia / LC
Existencias
Estado de retiro Estado de pérdida Restricciones de uso No para préstamo Código de colección Localización permanente Ubicación/localización actual Ubicación en estantería Fecha de adquisición Número de inventario Total de préstamos Signatura topográfica completa Código de barras Fecha visto por última vez Precio válido a partir de Tipo de ítem Koha
      Excluido de préstamo Monografías: Libros y Folletos General General En catalogación 12.01.2010 LF1   14498-10 25.06.2020 25.06.2020 No se presta

Con tecnología Koha